| 000 | 00568nam a2200205 a 4500 | ||
|---|---|---|---|
| 005 | 20140310183250.0 | ||
| 008 | 041018s19uu xx 00 eng d | ||
| 020 | _a9812470891 | ||
| 050 |
_aHF 5415 _b.Ar735 2003 |
||
| 100 | _aArmstrong, Gary | ||
| 245 |
_aMarketing : _ban introduction / _cGary Armstrong. |
||
| 250 | _a6th ed. | ||
| 260 |
_aSingapore : _bPearson Education South Asia Pte, Ltd, _c2003. |
||
| 300 |
_a124 p. : _bill. ; _c25 cm. |
||
| 521 | _aBSBA | ||
| 650 | _aMarketing. | ||
| 700 | _aKotler, Philip | ||
| 942 |
_cBK _2lcc _kFOR |
||
| 999 |
_c20760 _d20760 |
||